000 00536nam a2200205Ia 4500
003 OSt
005 20220926044943.0
006 a|||||r|||| 00| 0
007 ta
008 220923b |||||||| |||| 00| 0 eng d
037 _cGeneral Book
040 _aRTL
_cRTL
_beng
041 _2eng
_aeng
082 _aY38.2.N6, K8
100 _aSaggi P D
_9349595
245 0 _aWe Shall Unite
_b A PLea For National Integration
260 _c1968
942 _hY38.2.N6, K8
_cGB
_2CC
999 _c676215
_d676215